Scary logos 1 - Statistics

General Stats
  • This quiz has been taken 23 times
  • The average score is 5 of 15
Answer Stats
Answer % Correct
Viacom
92%
Screen Gems
85%
VID
77%
Air Programs InternationalTelevision Production
38%
Horror Factory
31%
AKA Cartoon Inc
23%
Ear Booker Productions
15%
Erry Vision Films
15%
Fabrica
15%
Fox Reality Originals
15%
Klasky Cuspo
15%
Paramount Television
15%
Rainbow Releasings
15%
WGBH Boston
15%
Stretch films
8%
No matching quizzes found
Score Distribution
Percent of People with Each Score
Percentile by Number Answered
Your Score History
You have not taken this quiz